<?xml version="1.0" encoding="UTF-8"?>
<record
    xmlns:xsi="http://www.w3.org/2001/XMLSchema-instance"
    xsi:schemaLocation="http://www.loc.gov/MARC21/slim http://www.loc.gov/standards/marcxml/schema/MARC21slim.xsd"
    xmlns="http://www.loc.gov/MARC21/slim">

  <leader>04943nam a2200433   4500</leader>
  <controlfield tag="003">OSt</controlfield>
  <controlfield tag="005">20260513122501.0</controlfield>
  <controlfield tag="008">260512b        |||||||| |||| 00| 0 aze d</controlfield>
  <datafield tag="040" ind1=" " ind2=" ">
    <subfield code="a">AZ-XaKU</subfield>
    <subfield code="b">aze</subfield>
    <subfield code="c">AZ-XaKU</subfield>
  </datafield>
  <datafield tag="041" ind1="0" ind2=" ">
    <subfield code="a">aze</subfield>
  </datafield>
  <datafield tag="050" ind1="1" ind2="4">
    <subfield code="a">K4670 .R1419 2023</subfield>
  </datafield>
  <datafield tag="100" ind1="1" ind2=" ">
    <subfield code="a">Ramazanov, M&#xFC;&#x15F;fiq K&#xF6;&#xE7;&#x259;ri o&#x11F;lu,</subfield>
    <subfield code="c">iqtisad &#xFC;zr&#x259; f&#x259;ls&#x259;f&#x259; doktoru, dosent,</subfield>
    <subfield code="d">1973-</subfield>
    <subfield code="e">m&#xFC;&#x259;llif.</subfield>
  </datafield>
  <datafield tag="245" ind1="1" ind2=" ">
    <subfield code="a">Maliyy&#x259; H&#xFC;ququ</subfield>
    <subfield code="b"> : D&#x259;rslik</subfield>
    <subfield code="c">/ M&#xFC;&#x15F;fiq Ramazanov ; elmi redakdor DTX-nin Heyd&#x259;r &#x18F;liyev ad&#x131;na Akademiyas&#x131;n&#x131;n r&#x259;isi v.i., polkovnik El&#x15F;ad N&#x259;sirov ; r&#x259;y&#xE7;il&#x259;r DTX-nin Heyd&#x259;r &#x18F;liyev ad&#x131;na Akademiyas&#x131;n&#x131;n r&#x259;isinin 1-ci m&#xFC;avini, h&#xFC;quq elml&#x259;ri namiz&#x259;di, dosent, polkovnik Az&#x259;r &#x130;smay&#x131;lov, Milli Aviasiya Akademiyas&#x131;n&#x131;n "&#x130;qtisadiyyat v&#x259; h&#xFC;quq" fak&#xFC;lt&#x259;sinin dekan&#x131;, h&#xFC;quq elml&#x259;ri doktoru, dosent Ayxan R&#xFC;st&#x259;mzad&#x259;, BDU-nun "&#x18F;m&#x259;k v&#x259; ekologiya h&#xFC;ququ" kafedras&#x131;n&#x131;n professoru, h&#xFC;quq elml&#x259;ri doktoru &#x18F;b&#xFC;lf&#x259;z H&#xFC;seynov, D&#x130;N-in Polis Akademiyas&#x131;n&#x131;n "M&#xFC;lki h&#xFC;quq" kafedras&#x131;n&#x131;n dosenti, h&#xFC;quq &#xFC;zr&#x259; f&#x259;ls&#x259;f&#x259; doktoru, dosent, polis polkovniki R&#x259;&#x15F;ad M&#x259;mm&#x259;dov, BDU-nun " M&#xFC;lki proses v&#x259; kommersiya h&#xFC;ququ" kafedras&#x131;n&#x131;n dosenti, h&#xFC;quq &#xFC;zr&#x259; f&#x259;ls&#x259;f&#x259; doktoru, dosent Af&#x259;t Mirz&#x259;yeva ; ba&#x15F; redaktor V&#x259;fa Camalova ; m&#x259;sul redaktor Aruz M&#x259;mm&#x259;dli ; ba&#x15F; texnikl&#x259;r Elza &#x15E;am&#x131;yeva, Sevinc M&#x259;cidova, V&#xFC;qar &#x130;smay&#x131;lov ; Az&#x259;rbaycan Respublikas&#x131; D&#xF6;vl&#x259;t T&#x259;hl&#xFC;k&#x259;sizliyi Xidm&#x259;tinin Heyd&#x259;r &#x18F;liyev ad&#x131;na Akademiyas&#x131;</subfield>
  </datafield>
  <datafield tag="264" ind1=" " ind2=" ">
    <subfield code="a">Bak&#x131; :</subfield>
    <subfield code="b">AR DTX-nin Heyd&#x259;r &#x18F;liyev ad&#x131;na Akademiyas&#x131;,</subfield>
    <subfield code="c">2023.</subfield>
  </datafield>
  <datafield tag="300" ind1=" " ind2=" ">
    <subfield code="a">531, [1] s&#x259;hif&#x259; ;</subfield>
    <subfield code="b">portr., c&#x259;dv&#x259;l ;</subfield>
    <subfield code="c">21 sm.</subfield>
  </datafield>
  <datafield tag="336" ind1=" " ind2=" ">
    <subfield code="a">text</subfield>
    <subfield code="b">txt</subfield>
    <subfield code="2">rdacontent</subfield>
  </datafield>
  <datafield tag="337" ind1=" " ind2=" ">
    <subfield code="a">unmediated</subfield>
    <subfield code="b">n</subfield>
    <subfield code="2">rdamedia</subfield>
  </datafield>
  <datafield tag="338" ind1=" " ind2=" ">
    <subfield code="a">volume </subfield>
    <subfield code="b">nc</subfield>
    <subfield code="2">rdacarrier</subfield>
  </datafield>
  <datafield tag="500" ind1=" " ind2=" ">
    <subfield code="a">AR DTX-nin Heyd&#x259;r &#x18F;liyev ad&#x131;na Akademiyas&#x131;n&#x131;n Elmi &#x15E;uras&#x131;n&#x131;n 20 iyul 2022-ci il tarixli iclas&#x131;n&#x131;n (protokol &#x2116; 2) q&#x259;rar&#x131; il&#x259; d&#x259;rslik kimi n&#x259;&#x15F;r&#x259; t&#xF6;vsiy&#x259; olunmu&#x15F;dur.</subfield>
  </datafield>
  <datafield tag="504" ind1=" " ind2=" ">
    <subfield code="a">Biblioqrafiya : s. 526-531.</subfield>
  </datafield>
  <datafield tag="505" ind1="0" ind2=" ">
    <subfield code="a">I F&#x259;sil. Az&#x259;rbaycan Respublikas&#x131;n&#x131;n maliyy&#x259; sistemi -- II F&#x259;sil. Maliyy&#x259; h&#xFC;ququ m&#xFC;st&#x259;qil h&#xFC;quq sah&#x259;si kimi -- III F&#x259;sil. Maliyy&#x259; h&#xFC;quq normalar&#x131; v&#x259; maliyy&#x259; h&#xFC;quq m&#xFC;nasib&#x259;tl&#x259;ri -- IV F&#x259;sil. D&#xF6;vl&#x259;tin maliyy&#x259; f&#x259;aliyy&#x259;tinin h&#xFC;quqi &#x259;saslar&#x131; -- V F&#x259;sil. Az&#x259;rbaycan Respublikas&#x131;nda maliyy&#x259; n&#x259;zar&#x259;ti -- VI F&#x259;sil. Az&#x259;rbaycan Respublikas&#x131;n&#x131;n b&#xFC;dc&#x259; sistemi -- VII F&#x259;sil. B&#xFC;dc&#x259; h&#xFC;quq m&#xFC;nasib&#x259;tl&#x259;ri -- VIII F&#x259;sil. B&#xFC;dc&#x259; prosesi -- IX F&#x259;sil. Az&#x259;rbaycan Respublikas&#x131;n&#x131;n vergi sistemi -- X F&#x259;sil. Vergi h&#xFC;quq m&#xFC;nasib&#x259;tl&#x259;ri -- XI F&#x259;sil. M&#xFC;&#x259;ssis&#x259;nin maliyy&#x259; m&#xFC;nasib&#x259;tl&#x259;rinin h&#xFC;quqi &#x259;saslar&#x131; -- XII F&#x259;sil. S&#x131;&#x11F;orta m&#xFC;nasib&#x259;tl&#x259;rinin h&#xFC;quqi t&#x259;nziml&#x259;nm&#x259;si -- XIII F&#x259;sil. Az&#x259;rbaycan Respublikas&#x131;n&#x131;n bank sistemi -- XIV F&#x259;sil. Az&#x259;rbaycan Respublikas&#x131;nda bank f&#x259;aliyy&#x259;tinin h&#xFC;quqi t&#x259;nziml&#x259;nm&#x259;si -- XV F&#x259;sil. B&#xFC;dc&#x259;d&#x259;nk&#x259;nar d&#xF6;vl&#x259;t fondlar&#x131;n&#x131;n f&#x259;aliyy&#x259;tinin h&#xFC;quqi t&#x259;nziml&#x259;nm&#x259;si -- XVI F&#x259;sil. Valyuta m&#xFC;nasib&#x259;tl&#x259;rinin h&#xFC;quqi t&#x259;nziml&#x259;nm&#x259;si</subfield>
  </datafield>
  <datafield tag="520" ind1="0" ind2=" ">
    <subfield code="a">&#x130;qtisad &#xFC;zr&#x259; f&#x259;ls&#x259;f&#x259; doktoru, dosent M&#xFC;&#x15F;fiq K&#xF6;&#xE7;&#x259;ri o&#x11F;lu Ramazanov t&#x259;r&#x259;find&#x259;n yaz&#x131;lan d&#x259;rslikd&#x259; maliyy&#x259; h&#xFC;ququnun m&#xFC;st&#x259;qil elm kimi inki-&#x15F;af&#x131;, onun predmeti, aktuall&#x131;&#x11F;&#x131;, m&#x259;qs&#x259;di, maliyy&#x259; h&#xFC;ququ sistemi, ma-liyy&#x259; h&#xFC;ququnun prinsipl&#x259;ri il&#x259; yana&#x15F;&#x131;, maliyy&#x259; h&#xFC;quq m&#xFC;nasib&#x259;tl&#x259;rin&#x259; aid dig&#x259;r m&#xF6;vzular&#x131;n da h&#x259;r birinin m&#xFC;f&#x259;ss&#x259;l &#x15F;&#x259;rhi verilmi&#x15F;dir. Eyni zamanda d&#x259;rslikd&#x259; maliyy&#x259; h&#xFC;ququnun dig&#x259;r h&#xFC;quq sah&#x259;l&#x259;ri il&#x259; &#x259;laq&#x259;si, Az&#x259;rbaycan Respublikas&#x131;n&#x131;n maliyy&#x259;, b&#xFC;dc&#x259;, bank sistemi, maliyy&#x259;, valyuta n&#x259;zar&#x259;ti, vergi v&#x259; s&#x131;&#x11F;orta m&#xFC;nasib&#x259;tl&#x259;rinin h&#xFC;quqi t&#x259;nziml&#x259;nm&#x259;si, b&#xFC;dc&#x259;d&#x259;nk&#x259;nar d&#xF6;vl&#x259;t fondlar&#x131;n&#x131;n f&#x259;aliyy&#x259;tinin h&#xFC;quqi t&#x259;nziml&#x259;nm&#x259;si v&#x259; s. kimi aktual m&#x259;s&#x259;l&#x259;l&#x259;r&#x259; d&#x259; geni&#x15F; yer verilmi&#x15F;dir.
D&#x259;rslik DTX-nin Heyd&#x259;r &#x18F;liyev ad&#x131;na Akademiyas&#x131;n&#x131;n kursant v&#x259; dinl&#x259;yicil&#x259;ri, h&#x259;m&#xE7;inin dig&#x259;r universitetl&#x259;rin h&#xFC;quq&#x15F;&#xFC;nasl&#x131;q ixtisas&#x131; &#xFC;zr&#x259; bakalavriat v&#x259; magistratura pill&#x259;l&#x259;rind&#x259; t&#x259;hsil alan t&#x259;l&#x259;b&#x259;l&#x259;r, doktorantlar, m&#xFC;t&#x259;x&#x259;ssis v&#x259; m&#xFC;&#x259;lliml&#x259;ri &#xFC;&#xE7;&#xFC;n n&#x259;z&#x259;rd&#x259; tutulmu&#x15F;dur.</subfield>
  </datafield>
  <datafield tag="650" ind1=" " ind2="7">
    <subfield code="2">AZ-XaKU</subfield>
    <subfield code="a">H&#xFC;quq</subfield>
    <subfield code="x">M&#xFC;lki h&#xFC;quq</subfield>
    <subfield code="x">Maliyy&#x259; h&#xFC;ququ</subfield>
    <subfield code="z">Az&#x259;rbaycan.</subfield>
  </datafield>
  <datafield tag="655" ind1=" " ind2=" ">
    <subfield code="2">AZ-XaKU</subfield>
    <subfield code="a">D&#x259;rslik.</subfield>
  </datafield>
  <datafield tag="700" ind1="1" ind2=" ">
    <subfield code="a">N&#x259;sirov, El&#x15F;ad, </subfield>
    <subfield code="e">elmi redaktor.</subfield>
  </datafield>
  <datafield tag="700" ind1="1" ind2=" ">
    <subfield code="a">&#x130;smay&#x131;lov, Az&#x259;r, </subfield>
    <subfield code="e">r&#x259;y&#xE7;i.</subfield>
  </datafield>
  <datafield tag="700" ind1="1" ind2=" ">
    <subfield code="a">R&#xFC;st&#x259;mzad&#x259;, Ayxan, </subfield>
    <subfield code="e">r&#x259;y&#xE7;i.</subfield>
  </datafield>
  <datafield tag="700" ind1="1" ind2=" ">
    <subfield code="a">H&#xFC;seynov, &#x18F;b&#xFC;lf&#x259;z,</subfield>
    <subfield code="e">r&#x259;y&#xE7;i.</subfield>
  </datafield>
  <datafield tag="700" ind1="1" ind2=" ">
    <subfield code="a">M&#x259;mm&#x259;dov, R&#x259;&#x15F;ad,</subfield>
    <subfield code="e">r&#x259;y&#xE7;i.</subfield>
  </datafield>
  <datafield tag="700" ind1="1" ind2=" ">
    <subfield code="a">Mirz&#x259;yeva, Af&#x259;t</subfield>
    <subfield code="e">r&#x259;y&#xE7;i.</subfield>
  </datafield>
  <datafield tag="700" ind1="1" ind2=" ">
    <subfield code="a">Camalova, V&#x259;fa,</subfield>
    <subfield code="e">ba&#x15F; redaktor.</subfield>
  </datafield>
  <datafield tag="700" ind1="1" ind2=" ">
    <subfield code="a">M&#x259;mm&#x259;dli, Arzu, </subfield>
    <subfield code="e">m&#x259;sul redaktor.</subfield>
  </datafield>
  <datafield tag="700" ind1="1" ind2=" ">
    <subfield code="a">&#x15E;am&#x131;yeva, Elza,</subfield>
    <subfield code="e">ba&#x15F; texnik.</subfield>
  </datafield>
  <datafield tag="700" ind1="1" ind2=" ">
    <subfield code="a">M&#x259;cidova, Sevinc,</subfield>
    <subfield code="e">ba&#x15F; texnik.</subfield>
  </datafield>
  <datafield tag="700" ind1="1" ind2=" ">
    <subfield code="a">&#x130;smay&#x131;lov, V&#xFC;qar,</subfield>
    <subfield code="e">ba&#x15F; texnik.</subfield>
  </datafield>
  <datafield tag="710" ind1="1" ind2=" ">
    <subfield code="a">Az&#x259;rbaycan Respublikas&#x131;.</subfield>
    <subfield code="b">D&#xF6;vl&#x259;t T&#x259;hl&#xFC;k&#x259;sizliyi Xidm&#x259;tinin Heyd&#x259;r &#x18F;liyev ad&#x131;na Akademiyas&#x131;.</subfield>
  </datafield>
  <datafield tag="942" ind1=" " ind2=" ">
    <subfield code="c">BOOK</subfield>
  </datafield>
  <datafield tag="999" ind1=" " ind2=" ">
    <subfield code="c">431</subfield>
    <subfield code="d">431</subfield>
  </datafield>
  <datafield tag="952" ind1=" " ind2=" ">
    <subfield code="0">0</subfield>
    <subfield code="1">0</subfield>
    <subfield code="2">lcc</subfield>
    <subfield code="4">0</subfield>
    <subfield code="7">0</subfield>
    <subfield code="8">BE</subfield>
    <subfield code="a">KU</subfield>
    <subfield code="b">BEL</subfield>
    <subfield code="d">2026-05-12</subfield>
    <subfield code="l">0</subfield>
    <subfield code="o">K4670 .R1419 2023</subfield>
    <subfield code="p">0000000764</subfield>
    <subfield code="r">2026-05-12 16:11:40</subfield>
    <subfield code="t">1</subfield>
    <subfield code="w">2026-05-12</subfield>
    <subfield code="y">BOOK</subfield>
  </datafield>
  <datafield tag="952" ind1=" " ind2=" ">
    <subfield code="0">0</subfield>
    <subfield code="1">0</subfield>
    <subfield code="2">lcc</subfield>
    <subfield code="4">0</subfield>
    <subfield code="7">0</subfield>
    <subfield code="8">BE</subfield>
    <subfield code="a">KU</subfield>
    <subfield code="b">BEL</subfield>
    <subfield code="d">2026-05-12</subfield>
    <subfield code="l">0</subfield>
    <subfield code="o">K4670 .R1419 2023 c.2</subfield>
    <subfield code="p">0000000765</subfield>
    <subfield code="r">2026-05-12 16:12:17</subfield>
    <subfield code="t">2</subfield>
    <subfield code="w">2026-05-12</subfield>
    <subfield code="y">BOOK</subfield>
  </datafield>
</record>
